NFL 1st Round Draft Picks: New York Jets - Statistics

General Stats
  • This quiz has been taken 66 times
  • The average score is 22 of 72
Answer Stats
Year Pick Player name Position College % Correct
2022 10 Garrett Wilson WR Ohio State
96%
2010 29 Kyle Wilson CB Boise State
96%
2021 2 Zach Wilson QB BYU
96%
2018 3 Sam Darnold QB USC
94%
2022 4 Sauce Gardner CB Cincinnati
89%
1965 -- Joe Namath QB Alabama
85%
2015 6 Leonard Williams DT USC
85%
2019 3 Quinnen Williams DT Alabama
85%
2022 26 Jermaine Johnson DE Florida State
81%
1996 1 Keyshawn Johnson WR USC
81%
2009 5 Mark Sanchez QB USC
81%
2017 6 Jamal Adams S LSU
79%
2007 14 Darrelle Revis CB Pittsburgh
74%
2021 14 Alijah Vera-Tucker G USC
66%
2024 11 Olumuyiwa Fashanu T Penn State
66%
2020 11 Mekhi Becton OT Louisville
62%
2023 15 Will McDonald IV DE Iowa State
60%
2000 18 Chad Pennington QB Marshall
57%
2006 29 Nick Mangold C Ohio State
49%
2006 4 D'Brickashaw Ferguson T Virginia
45%
1983 24 Ken O'Brien QB UC-Davis
30%
2011 30 Muhammad Wilkerson DL Temple
28%
2013 13 Sheldon Richardson DT Missouri
28%
2000 13 John Abraham LB South Carolina
26%
1971 6 John Riggins RB Kansas
26%
1980 2 Johnny "Lam" Jones WR Texas
26%
1993 4 Marvin Jones LB Florida State
26%
2016 20 Darron Lee LB Ohio State
25%
2013 9 Dee Milliner CB Alabama
23%
2008 6 Vernon Gholston DE Ohio State
23%
1985 10 Al Toon WR Wisconsin
21%
1981 3 Freeman McNeil RB UCLA
21%
1995 9 Kyle Brady TE Penn State
21%
2000 27 Anthony Becht TE West Virginia
19%
1990 2 Blair Thomas RB Penn State
19%
2002 22 Bryan Thomas DE UAB
19%
2014 18 Calvin Pryor S Louisville
19%
1976 6 Richard Todd QB Alabama
19%
2001 16 Santana Moss WR Miami (FL)
19%
2000 12 Shaun Ellis DE Tennessee
19%
1994 12 Aaron Glenn CB Texas A&M
17%
2008 30 Dustin Keller TE Purdue
17%
1979 14 Marty Lyons DE/DT Alabama
17%
2004 12 Jonathan Vilma LB Miami (FL)
15%
2003 4 Dewayne Robertson DT Kentucky
13%
1977 4 Marvin Powell T USC
13%
1964 -- Matt Snell FB Ohio State
13%
1984 10 Russell Carter CB/S SMU
13%
1961 -- Tom Brown DL/G Minnesota
13%
1972 9 Jerome Barkum WR/TE Jackson State
11%
1968 17 Lee White FB Weber State
11%
2012 16 Quinton Coples DE North Carolina
11%
1987 21 Roger Vick FB Texas A&M
11%
1997 8 James Farrior LB Virginia
9%
1973 13 Burgess Owens CB/S Miami (FL)
6%
1978 4 Chris Ward T Ohio State
6%
1995 16 Hugh Douglas DE Central State
6%
1989 14 Jeff Lageman LB Virginia
6%
1992 15 Johnny Mitchell TE Nebraska
6%
1972 20 Mike Taylor LB Michigan
6%
1982 23 Bob Crable LB Notre Dame
4%
1988 8 Dave Cadigan T/G USC
4%
1966 -- Bill Yearby T Michigan
2%
1974 6 Carl Barzilauskas DT Indiana
2%
1969 26 Dave Foley T Ohio State
2%
1963 -- Jerry Stovall HB LSU
2%
1986 22 Mike Haight T/G Iowa
2%
1967 12 Paul Seiler C/G Notre Dame
2%
1984 15 Ron Faurot DE/DT Arkansas
2%
1962 -- Sandy Stephens QB Minnesota
2%
1970 20 Steve Tannen DB Florida
2%
1965 -- Tom Nowatzke FB Indiana
2%
No matching quizzes found
Score Distribution
Percent of People with Each Score
Percentile by Number Answered
Your Score History
You have not taken this quiz